[Event "Noisiel op 9th"]
[Site "Noisiel"]
[Date "2024.04.07"]
[Round "2"]
[White "Midy, Robin"]
[Black "Razafindratsima, Timothe"]
[Result "1-0"]
[WhiteElo "2174"]
[BlackElo "2438"]
[PlyCount "121"]
[EventDate "2024.04.06"]
[EventType "swiss"]
[EventRounds "9"]
[EventCountry "FRA"]
[SourceTitle "CB16_2024"]
[SourceDate "2024.04.17"]
[SourceVersion "1"]
[SourceVersionDate "2024.04.17"]
[SourceQuality "1"]

1. e4 c5 2. d4 cxd4 3. Qxd4 Nc6 4. Qd3 g6 5. Nc3 Bg7 6. Nf3 d6 7. Be2 Nf6 8. 0-0 0-0 9. Nd5 Bg4 10. c3 Nd7 11. Bg5 h6 12. Bh4 g5 13. Bg3 Nc5 14. Qc2 f5 15. exf5 Bxf5 16. Qd1 e6 17. Bxd6 g4 18. Ne1 Ne4 19. Bxf8 Qxf8 20. Ne3 Rd8 21. Qb3 Nd2 22. Qxb7 Be4 23. Bxg4 Ne5 24. Qa6 Rd6 25. Qe2 Qf4 26. Rd1 Nxf1 27. Nxf1 Rb6 28. Rd4 Nxg4 29. Rxe4 Rxb2 30. Rxf4 Rxe2 31. Rxg4 Rxe1 32. Ra4 Bxc3 33. Rxa7 Bd4 34. Ra3 Re2 35. Rf3 Rxa2 36. g3 Kg7 37. h4 h5 38. Ne3 Kg6 39. Ng2 e5 40. Ne3 Bc5 41. Nc4 Ra1+ 42. Kg2 Re1 43. Rb3 Bd4 44. Ra3 Re2 45. Ne3 e4 46. Kf1 Rb2 47. Ra6+ Kf7 48. Ra5 Rb1+ 49. Kg2 Rb2 50. Kf1 Rb1+ 51. Kg2 Rb2 52. Ra3 Bc5 53. Rc3 Bd4 54. Rc2 Rb3 55. Nf5 Be5 56. Re2 Ke6 57. Ne3 Rb4 58. Ra2 Rd4 59. Ra8 Kf7 60. Ra7+ Kg6 61. Ra1 1-0

[Event "Avoine op 37th"]
[Site "Avoine"]
[Date "2023.07.29"]
[Round "8"]
[White "Midy, Robin"]
[Black "Eugene, Floryan"]
[Result "0-1"]
[WhiteElo "2211"]
[BlackElo "2384"]
[PlyCount "92"]
[EventDate "2023.07.22"]
[EventType "swiss"]
[EventRounds "9"]
[EventCountry "FRA"]
[SourceTitle "CBM 215 Extra"]
[Source "ChessBase"]
[SourceDate "2023.09.30"]
[SourceVersion "1"]
[SourceVersionDate "2023.09.30"]
[SourceQuality "1"]

1. d4 Nf6 2. Bg5 g6 3. Bxf6 exf6 4. c4 d5 5. cxd5 Qxd5 6. Nc3 Qd8 7. e3 Bd6 8. Nf3 0-0 9. Bc4 f5 10. 0-0 Nd7 11. Rc1 c6 12. a4 Nf6 13. d5 c5 14. Nb5 Bb8 15. Bb3 b6 16. Qd3 Bb7 17. Rfd1 a6 18. Na3 Ne4 19. g3 Qf6 20. Nd2 Re8 21. Rc2 h5 22. f4 Nd6 23. Re1 Ba7 24. Nac4 Nxc4 25. Bxc4 Rad8 26. Qb3 Qd6 27. e4 b5 28. axb5 Bxd5 29. b6 Bxb6 30. e5 Qc7 31. Qe3 Bb7 32. Nf3 Qc6 33. Rf2 Rd4 34. Qb3 Re7 35. Kf1 Ba5 36. Ra1 Bb4 37. Nxd4 Qh1+ 38. Ke2 Qxa1 39. Nc2 Qh1 40. Nxb4 Qe4+ 41. Kf1 cxb4 42. Qd3 Qc6 43. Rd2 Qh1+ 44. Ke2 Qxh2+ 45. Kd1 Qg1+ 46. Kc2 Be4 0-1

[Event "Avoine op 37th"]
[Site "Avoine"]
[Date "2023.07.23"]
[Round "2"]
[White "Ikonnikov, Vyacheslav"]
[Black "Midy, Robin"]
[Result "1-0"]
[WhiteElo "2467"]
[BlackElo "2211"]
[PlyCount "115"]
[EventDate "2023.07.22"]
[EventType "swiss"]
[EventRounds "9"]
[EventCountry "FRA"]
[SourceTitle "CBM 215 Extra"]
[Source "ChessBase"]
[SourceDate "2023.09.30"]
[SourceVersion "1"]
[SourceVersionDate "2023.09.30"]
[SourceQuality "1"]

1. d4 g6 2. e4 Bg7 3. c4 e6 4. Nc3 Ne7 5. d5 d6 6. Nf3 0-0 7. Be2 e5 8. h4 h6 9. h5 g5 10. Nd2 f5 11. exf5 Nxf5 12. Nde4 Nd4 13. Bd3 Bf5 14. Be3 Nd7 15. Qd2 Nc5 16. Nxc5 dxc5 17. 0-0-0 c6 18. Bxf5 Rxf5 19. Qd3 Rf7 20. dxc6 bxc6 21. Ne4 Qa5 22. Kb1 Rb8 23. Rd2 Rfb7 24. Bxd4 cxd4 25. c5 Rd7 26. Rc1 Rd5 27. Rdc2 Qd8 28. f3 Bf8 29. Nf2 Qf6 30. Qe4 Bg7 31. Nd3 Qf7 32. Qg4 a5 33. Re1 Re8 34. Rce2 Qd7 35. Qxd7 Rxd7 36. a3 a4 37. Rc1 Ra7 38. Rc4 Kf7 39. Rb4 Re6 40. Nf2 Bf8 41. Nd3 Kf6 42. Rb8 Be7 43. Rh8 Kg7 44. Rc8 Kf6 45. Rg8 Kf7 46. Rg6 Rxg6 47. hxg6+ Kg7 48. Rxe5 Bf6 49. Re6 Re7 50. Rxe7+ Bxe7 51. b3 Kxg6 52. bxa4 Bd8 53. Ne5+ Kf5 54. Nxc6 g4 55. fxg4+ Ke4 56. Nxd8 Ke3 57. Nc6 d3 58. Ne5 1-0

[Event "Angers op 16th"]
[Site "Angers"]
[Date "2023.05.21"]
[Round "6"]
[White "Midy, Robin"]
[Black "Le Goff, Ronan"]
[Result "1-0"]
[WhiteElo "2141"]
[BlackElo "2323"]
[PlyCount "179"]
[EventDate "2023.05.19"]
[EventType "swiss"]
[EventRounds "6"]
[EventCountry "FRA"]
[SourceTitle "CBM 214 Extra"]
[Source "ChessBase"]
[SourceDate "2023.07.31"]
[SourceVersion "1"]
[SourceVersionDate "2023.07.31"]
[SourceQuality "1"]

1. Nf3 Nf6 2. d4 d5 3. c4 e6 4. Nc3 Be7 5. e3 0-0 6. Qc2 a6 7. b3 c5 8. Bb2 cxd4 9. exd4 Nc6 10. Rd1 Qa5 11. a3 Rd8 12. Bd3 Bd7 13. 0-0 Rac8 14. b4 Qc7 15. c5 g6 16. Na4 Be8 17. Nb6 Rb8 18. Qd2 Nd7 19. Nxd7 Qxd7 20. a4 b5 21. axb5 axb5 22. Rfe1 Qb7 23. Bc3 Ra8 24. Ra1 Rdb8 25. Qe2 Rxa1 26. Rxa1 Bf6 27. h4 h5 28. g3 Kg7 29. Kh2 Kg8 30. Qe3 Bg7 31. Qf4 Qc8 32. Ra3 Rb7 33. Bf1 Qd8 34. Bh3 Ra7 35. Rxa7 Nxa7 36. Bf1 Qc8 37. Qd6 Bc6 38. Ng5 Bf8 39. Qf4 Be8 40. Qf3 Bg7 41. Qf4 Bf8 42. Bd3 Qb7 43. Qe3 Qe7 44. Qe2 Bg7 45. Nh3 Qb7 46. Nf4 Nc8 47. Bb1 Ne7 48. Bd3 Qa6 49. Nh3 Bc6 50. Ng5 Qa3 51. Qb2 Qxb2 52. Bxb2 Kf8 53. f4 Bd7 54. Nf3 f6 55. Bc3 Ke8 56. Kg2 Kd8 57. Kf2 Be8 58. Ke3 Kc7 59. Bb2 Ng8 60. Bf1 Nh6 61. Bh3 Bd7 62. Ng1 Bf8 63. Bc3 Be7 64. Kf2 Nf7 65. Nf3 Kd8 66. Bd2 Ke8 67. Be3 Bd8 68. Ng1 Bc7 69. Ne2 Nh6 70. Nc3 Ng4+ 71. Ke2 Bc6 72. Bf1 e5 73. Kd2 Nxe3 74. Kxe3 g5 75. Bxb5 exf4+ 76. gxf4 Bxf4+ 77. Kf3 Bxb5 78. Nxb5 Kd7 79. Nc3 Ke6 80. b5 Bd2 81. b6 g4+ 82. Kg2 Kd7 83. Nxd5 Kc6 84. Nxf6 Be3 85. d5+ Kb7 86. Nd7 Bf4 87. c6+ Ka6 88. c7 Kb7 89. Nc5+ Kc8 90. b7+ 1-0

[Event "Avoine op 34th"]
[Site "Avoine"]
[Date "2019.07.25"]
[Round "6"]
[White "Midy, Robin"]
[Black "Marchais, Antoine"]
[Result "1-0"]
[WhiteElo "2160"]
[BlackElo "1943"]
[PlyCount "67"]
[EventDate "2019.07.20"]
[EventType "swiss"]
[EventRounds "9"]
[EventCountry "FRA"]
[SourceTitle "EXT 2020"]
[Source "ChessBase"]
[SourceDate "2019.10.17"]
[SourceVersion "1"]
[SourceVersionDate "2019.10.17"]
[SourceQuality "1"]

1. g3 f5 2. Bg2 Nf6 3. c4 d6 4. Nc3 Nc6 5. e3 e6 6. d4 Be7 7. Rb1 0-0 8. b4 Qe8 9. b5 Nd8 10. Nge2 e5 11. Nd5 Nxd5 12. cxd5 Bd7 13. Qb3 g5 14. dxe5 dxe5 15. d6+ Be6 16. dxe7 Bxb3 17. exf8Q+ Qxf8 18. Rxb3 a6 19. b6 c6 20. Ba3 Qe8 21. 0-0 Nf7 22. Rd1 Rd8 23. Rbb1 Rxd1+ 24. Rxd1 Qe6 25. Rd2 Qc4 26. Bf1 Qa4 27. Be7 Qa5 28. Rd7 Qxb6 29. Nc3 c5 30. Bc4 Qc6 31. Rd6 Qc7 32. Nd5 Qa5 33. Nf6+ Kg7 34. Nh5+ 1-0

[Event "Avoine op 34th"]
[Site "Avoine"]
[Date "2019.07.20"]
[Round "1"]
[White "Burri, Quentin"]
[Black "Midy, Robin"]
[Result "1/2-1/2"]
[WhiteElo "2422"]
[BlackElo "2160"]
[PlyCount "72"]
[EventDate "2019.07.20"]
[EventType "swiss"]
[EventRounds "9"]
[EventCountry "FRA"]
[SourceTitle "CBM 191 Extra"]
[Source "ChessBase"]
[SourceDate "2019.09.30"]
[SourceVersion "1"]
[SourceVersionDate "2019.09.30"]
[SourceQuality "1"]

1. e4 g6 2. d4 Bg7 3. Nc3 a6 4. Be3 b5 5. Qd2 Bb7 6. f3 d6 7. h4 h6 8. Nh3 Nd7 9. Nf2 Ngf6 10. 0-0-0 Nb6 11. g4 Nfd7 12. f4 c5 13. h5 Qc7 14. hxg6 fxg6 15. dxc5 Nxc5 16. Nd5 Bxd5 17. exd5 Rc8 18. Bd3 Nc4 19. Bxc4 bxc4 20. c3 Qa5 21. Kb1 Rb8 22. Bd4 Bxd4 23. Qxd4 Kd7 24. Rd2 Na4 25. Nd1 Qc5 26. Re1 Qxd4 27. Rxd4 Nb6 28. Ne3 Rbc8 29. f5 gxf5 30. Nxf5 Rh7 31. Rh1 Rc5 32. Ne3 Rf7 33. Re1 Rf2 34. Red1 Re2 35. Nf5 Rb5 36. R4d2 Ke8 1/2-1/2

[Event "Avoine op 34th"]
[Site "Avoine"]
[Date "2019.07.20"]
[Round "4"]
[White "Midy, Robin"]
[Black "Chosson, Julien"]
[Result "1/2-1/2"]
[WhiteElo "2160"]
[BlackElo "1916"]
[PlyCount "125"]
[EventDate "2019.07.20"]
[EventType "swiss"]
[EventRounds "9"]
[EventCountry "FRA"]
[SourceTitle "EXT 2020"]
[Source "ChessBase"]
[SourceDate "2019.10.17"]
[SourceVersion "1"]
[SourceVersionDate "2019.10.17"]
[SourceQuality "1"]

1. d4 Nf6 2. Bg5 d5 3. e3 c5 4. Bxf6 gxf6 5. dxc5 e6 6. c4 dxc4 7. Nd2 c3 8. bxc3 Bxc5 9. Ngf3 Nc6 10. Be2 Rg8 11. g3 b6 12. Qa4 Bb7 13. Nb3 Be7 14. Ba6 Bxa6 15. Qxa6 Qd5 16. Qe2 Ne5 17. e4 Qc6 18. 0-0 Nxf3+ 19. Qxf3 f5 20. Rfe1 fxe4 21. Rxe4 Rc8 22. c4 Bc5 23. Rae1 Rg6 24. Nxc5 Qxc5 25. Rf4 Qe7 26. Qc3 h6 27. Qh8+ Qf8 28. Qe5 Qc5 29. Qe4 Qc6 30. Qe2 Qd6 31. Re4 Rd8 32. Qh5 Kf8 33. a4 Kg7 34. Qf3 Qa3 35. Qf4 Qd6 36. Qc1 Qe7 37. a5 Rd6 38. axb6 axb6 39. Qa3 Qd8 40. Qc3+ Kg8 41. R4e2 Qf6 42. Qb4 Qd4 43. Re4 Qc5 44. Qb2 Qc6 45. Rf4 Qd7 46. Qa1 Qd8 47. Rb1 Qg5 48. Rf3 e5 49. Qa8+ Qd8 50. Qe4 Rd1+ 51. Rxd1 Qxd1+ 52. Kg2 Qd6 53. Qf5 Qe6 54. Qxe6 Rxe6 55. Rb3 Rc6 56. Kf3 Rxc4 57. Rxb6 Kg7 58. h4 h5 59. Ke3 f6 60. Rb8 Ra4 61. Rb3 Kg6 62. Rd3 Kf5 63. f3 1/2-1/2

[Event "Angers op 14th"]
[Site "Angers"]
[Date "2019.06.01"]
[Round "3"]
[White "Van Nassau, Erik"]
[Black "Midy, Robin"]
[Result "0-1"]
[WhiteElo "1829"]
[BlackElo "2155"]
[PlyCount "106"]
[EventDate "2019.05.31"]
[EventType "swiss"]
[EventRounds "6"]
[EventCountry "FRA"]
[SourceTitle "CBM 190 Extra"]
[Source "ChessBase"]
[SourceDate "2019.07.15"]
[SourceVersion "1"]
[SourceVersionDate "2019.07.15"]
[SourceQuality "1"]

1. e4 c5 2. Nf3 g6 3. c3 Bg7 4. d4 cxd4 5. cxd4 d5 6. e5 Bg4 7. Bb5+ Nd7 8. 0-0 e6 9. Nbd2 a6 10. Bd3 Ne7 11. b3 Qa5 12. Bb2 0-0 13. a3 Rac8 14. h3 Bf5 15. Qe2 Qb6 16. Rfc1 Bxd3 17. Qxd3 f6 18. Re1 fxe5 19. dxe5 Nc5 20. Qe2 Nxb3 21. Nxb3 Qxb3 22. Nd4 Qb6 23. Rab1 Nf5 24. Nf3 Rc4 25. Ba1 Qc7 26. Qd3 Re8 27. Qb3 b5 28. g4 Ne7 29. Nd4 Qd7 30. Qe3 Nc6 31. Nf3 Rf8 32. Bd4 Rxf3 33. Qxf3 Nxd4 34. Qd3 Nc6 35. Qg3 Qf7 36. Rbc1 Nxe5 37. Rxc4 Nxc4 38. Qb8+ Bf8 39. Qc8 d4 40. Qxa6 Nxa3 41. Rd1 e5 42. Qc6 b4 43. Rd3 Qc4 44. Qe4 b3 45. Rf3 b2 46. Rxf8+ Kxf8 47. Qa8+ Kf7 48. Qb7+ Ke6 49. Qxb2 Nb5 50. Qa1 d3 51. Qa8 Qd5 52. Qg8+ Kd6 53. Qd8+ Kc5 0-1

[Event "Avoine op 33rd"]
[Site "Avoine"]
[Date "2018.07.25"]
[Round "5"]
[White "Midy, Robin"]
[Black "Nguyen Cadoret, Nathan"]
[Result "1-0"]
[WhiteElo "2148"]
[BlackElo "1923"]
[PlyCount "73"]
[EventDate "2018.07.21"]
[EventType "swiss"]
[EventRounds "9"]
[EventCountry "FRA"]
[SourceTitle "CBM 185 Extra"]
[Source "ChessBase"]
[SourceDate "2018.07.29"]
[SourceVersion "1"]
[SourceVersionDate "2018.07.29"]
[SourceQuality "1"]

1. d4 Nf6 2. Bg5 g6 3. Bxf6 exf6 4. e3 Bg7 5. g3 0-0 6. Bg2 d5 7. Ne2 f5 8. Nd2 c6 9. 0-0 Nd7 10. Rc1 Nf6 11. c4 Be6 12. Nf4 g5 13. cxd5 cxd5 14. Nd3 Qe7 15. Qb3 Ne4 16. Nxe4 fxe4 17. Nc5 Rab8 18. Qa3 a6 19. Nxe6 Qxe6 20. Rc7 Rfc8 21. Rfc1 Bf8 22. Qc3 Rxc7 23. Qxc7 Bd6 24. Qb6 g4 25. Bf1 h5 26. Be2 Qd7 27. Qa5 Be7 28. Bd1 Bd8 29. Qc3 a5 30. a3 a4 31. Qc5 b5 32. Qc6 Qe6 33. Be2 Be7 34. Bd1 Kg7 35. Rc2 Rb6 36. Qc8 Bf8 37. Rc7 1-0

[Event "Avoine op 33rd"]
[Site "Avoine"]
[Date "2018.07.21"]
[Round "1"]
[White "Midy, Robin"]
[Black "Crook, Oliver James"]
[Result "1-0"]
[WhiteElo "2148"]
[BlackElo "1844"]
[PlyCount "123"]
[EventDate "2018.07.21"]
[EventType "swiss"]
[EventRounds "9"]
[EventCountry "FRA"]
[SourceTitle "CBM 185 Extra"]
[Source "ChessBase"]
[SourceDate "2018.07.29"]
[SourceVersion "1"]
[SourceVersionDate "2018.07.29"]
[SourceQuality "1"]

1. d4 Nf6 2. Bg5 Ne4 3. Bf4 c5 4. d5 Qb6 5. Nd2 Nxd2 6. Bxd2 e6 7. e4 d6 8. Bc3 e5 9. Bc4 Nd7 10. a4 a6 11. Ne2 Nf6 12. Qd3 Nh5 13. 0-0 g5 14. g3 Bh3 15. Rfb1 Rg8 16. Kh1 Qd8 17. Qf3 Nf6 18. b4 Rg6 19. bxc5 Ng4 20. Be1 Rf6 21. Qb3 dxc5 22. f3 Nxh2 23. Kxh2 Rh6 24. Kg1 Bc8 25. Bd2 Qd7 26. Kf2 Rh2+ 27. Ke3 Qh3 28. Rg1 f5 29. Kd3 Rf2 30. c3 Rxf3+ 31. Kc2 fxe4 32. d6 e3 33. Be1 Qf5+ 34. Kb2 Bxd6 35. Rd1 Be7 36. g4 Qg6 37. Bg3 Rf6 38. Kc1 Rb6 39. Qc2 e4 40. Rgf1 Be6 41. Qa2 Rd8 42. Rxd8+ Bxd8 43. Bxe6 Rxe6 44. Qd5 Rc6 45. Rf5 Be7 46. Qxe4 Rf6 47. Qxb7 Rxf5 48. Qc8+ Kf7 49. gxf5 Qf6 50. Qd7 h5 51. Qd5+ Ke8 52. Qe4 h4 53. Be5 Qf7 54. c4 Kf8 55. Qa8+ Qe8 56. Qxa6 Qd7 57. Qh6+ Ke8 58. Qh8+ Kf7 59. Qg7+ Ke8 60. Qg8+ Bf8 61. Qg6+ Kd8 62. Qxg5+ 1-0

[Event "Avoine op 32nd"]
[Site "Avoine"]
[Date "2017.07.28"]
[Round "7"]
[White "Lambert, Thomas"]
[Black "Midy, Robin"]
[Result "0-1"]
[WhiteElo "1885"]
[BlackElo "2143"]
[PlyCount "32"]
[EventDate "2017.07.22"]
[EventType "swiss"]
[EventRounds "9"]
[EventCountry "FRA"]
[SourceTitle "CBM 179 Extra"]
[Source "ChessBase"]
[SourceDate "2017.08.23"]
[SourceVersion "1"]
[SourceVersionDate "2017.08.23"]
[SourceQuality "1"]

1. e4 c5 2. Nf3 g6 3. d4 cxd4 4. Qxd4 Nf6 5. e5 Nc6 6. Qa4 Nd5 7. Qe4 Nb6 8. Nc3 Bg7 9. Bf4 d5 10. exd6 Bf5 11. Qe3 0-0 12. 0-0-0 exd6 13. Rxd6 Qc8 14. Bd3 Nb4 15. Bxf5 Qxf5 16. Qe4 Nxa2+ 0-1

[Event "Avoine op 32nd"]
[Site "Avoine"]
[Date "2017.07.27"]
[Round "6"]
[White "Midy, Robin"]
[Black "Genereau, Thierry"]
[Result "1-0"]
[WhiteElo "2143"]
[BlackElo "1868"]
[PlyCount "131"]
[EventDate "2017.07.22"]
[EventType "swiss"]
[EventRounds "9"]
[EventCountry "FRA"]
[SourceTitle "CBM 179 Extra"]
[Source "ChessBase"]
[SourceDate "2017.08.23"]
[SourceVersion "1"]
[SourceVersionDate "2017.08.23"]
[SourceQuality "1"]

1. d4 d5 2. c4 e6 3. Nc3 Nf6 4. cxd5 exd5 5. Bg5 Be7 6. e3 c6 7. Bd3 0-0 8. Nge2 Nh5 9. Bxe7 Qxe7 10. Qc2 g6 11. 0-0-0 Ng7 12. Nf4 Bf5 13. h4 Nd7 14. Bxf5 Nxf5 15. g4 Nd6 16. g5 Ne4 17. Nxe4 Qxe4 18. Qxe4 dxe4 19. Kb1 Rfd8 20. h5 Nb6 21. Rh4 Rd7 22. Rdh1 Rad8 23. Rg4 Nc4 24. Ne2 Re8 25. Nc3 Rde7 26. Rf4 Nd6 27. h6 Kf8 28. Rd1 Rd7 29. Rg1 Rde7 30. Rgg4 Kg8 31. b3 Kf8 32. Nd1 Nf5 33. Nc3 Nd6 34. Na4 b6 35. Nb2 b5 36. Nd1 Nf5 37. Kb2 a5 38. Nc3 Nd6 39. Kb1 Kg8 40. Rf6 Re6 41. Rff4 R6e7 42. a3 Kf8 43. Ka2 b4 44. axb4 axb4 45. Na4 Nb5 46. Kb2 Nc7 47. Rf6 Ne6 48. Nb6 Nd8 49. Nc4 Ne6 50. Rxe4 Nxg5 51. Rxe7 Rxe7 52. Rxc6 f5 53. f4 Nf7 54. Ne5 Nxh6 55. d5 Nf7 56. d6 Re6 57. Nxf7 Kxf7 58. d7 Rxc6 59. d8Q Rf6 60. Qd7+ Kg8 61. Qc8+ Kg7 62. Qb7+ Rf7 63. Qxb4 h5 64. Qd4+ Kh6 65. Qd8 Rh7 66. Qf6 1-0

[Event "Agneaux St Lo op 18th"]
[Site "Agneaux"]
[Date "2017.07.10"]
[Round "3.2"]
[White "Naumkin, Igor"]
[Black "Midy, Robin"]
[Result "1-0"]
[WhiteElo "2397"]
[BlackElo "2143"]
[PlyCount "111"]
[EventDate "2017.07.08"]
[EventType "swiss"]
[EventRounds "9"]
[EventCountry "FRA"]
[SourceTitle "EXT 2020"]
[Source "ChessBase"]
[SourceDate "2019.10.17"]
[SourceVersion "1"]
[SourceVersionDate "2019.10.17"]
[SourceQuality "1"]

1. d4 Nf6 2. c4 e6 3. Nf3 b6 4. g3 Ba6 5. b3 d5 6. Bg2 dxc4 7. Ne5 Bb4+ 8. Kf1 Bd6 9. Nxc4 Nd5 10. Bf3 f5 11. Kg2 0-0 12. Re1 Nd7 13. Kg1 N7f6 14. e3 b5 15. Ne5 Bxe5 16. dxe5 Ne4 17. a3 Bb7 18. Bb2 c5 19. Bg2 c4 20. bxc4 bxc4 21. Bd4 Qc7 22. Qc2 Nb6 23. Nc3 Nxc3 24. Bxb7 Qxb7 25. Qxc3 Qc6 26. Rec1 Rfc8 27. Rab1 h6 28. Qb4 Rc7 29. Qb5 Qxb5 30. Rxb5 Nd5 31. Kf1 a6 32. Rc5 Rxc5 33. Bxc5 Rc8 34. Bd4 Kf7 35. Ke2 g5 36. f3 Ke7 37. e4 fxe4 38. fxe4 Nc7 39. Rxc4 Kd7 40. a4 Rb8 41. Bc3 Rb1 42. Rd4+ Ke7 43. Rb4 Rh1 44. Rb7 Kd7 45. Ba5 Rc1 46. Kf3 Kc8 47. Rxc7+ Rxc7 48. Bxc7 Kxc7 49. Kg4 Kb6 50. Kh5 Ka5 51. Kxh6 g4 52. Kg5 Kxa4 53. Kf6 Kb4 54. Kxe6 a5 55. Kd5 a4 56. e6 1-0

[Event "FRA-ch U18"]
[Site "Belfort"]
[Date "2017.04.23"]
[Round "9.4"]
[White "Midy, Robin"]
[Black "Bressy, Theo"]
[Result "0-1"]
[WhiteElo "2137"]
[BlackElo "2039"]
[PlyCount "80"]
[EventDate "2017.04.16"]
[EventType "swiss"]
[EventRounds "9"]
[EventCountry "FRA"]
[SourceTitle "EXT 2019"]
[Source "ChessBase"]
[SourceDate "2018.10.10"]
[SourceVersion "1"]
[SourceVersionDate "2018.10.10"]
[SourceQuality "1"]

1. d4 g6 2. e4 Bg7 3. Nc3 d6 4. Bg5 h6 5. Bf4 a6 6. a4 b6 7. Nf3 Bb7 8. h3 e6 9. Qd2 Nd7 10. Bc4 Ne7 11. Bb3 Kf8 12. 0-0 Kg8 13. Ne1 Kh7 14. Bg3 Nf6 15. Qd3 d5 16. exd5 exd5 17. Be5 Nd7 18. Bxg7 Kxg7 19. Rd1 Nf6 20. Qf3 Qc8 21. Ne2 c5 22. c3 Re8 23. Bc2 c4 24. Ng3 Qc7 25. Ne2 Nc8 26. Ng3 Bc6 27. Ra1 Ra7 28. Qd1 Nd6 29. Nf3 Nfe4 30. Ne2 f6 31. Nd2 Qb8 32. f3 Ng5 33. Nf4 Nf5 34. Nxg6 Ne3 35. Qc1 Nxh3+ 36. Kh1 Qg3 37. Nh4 Qxh4 38. Qe1 Nf2+ 39. Kg1 Qh1+ 40. Kxf2 Qxg2# 0-1

[Event "Avoine op 31st"]
[Site "Avoine"]
[Date "2016.07.27"]
[Round "5"]
[White "Midy, Robin"]
[Black "De Lussac, Rainier"]
[Result "1-0"]
[WhiteElo "2006"]
[BlackElo "2121"]
[PlyCount "45"]
[EventDate "2016.07.23"]
[EventType "swiss"]
[EventRounds "9"]
[EventCountry "FRA"]
[SourceTitle "CBM 173 Extra"]
[Source "ChessBase"]
[SourceDate "2016.08.29"]
[SourceVersion "1"]
[SourceVersionDate "2016.08.29"]
[SourceQuality "1"]

1. d4 Nf6 2. Bg5 e6 3. Nd2 h6 4. Bh4 c5 5. e4 g5 6. Bg3 d5 7. e5 Nfd7 8. h4 Rg8 9. hxg5 hxg5 10. Rh7 Rg7 11. Qh5 Rxh7 12. Qxh7 Nc6 13. Ngf3 cxd4 14. Qg8 Ne7 15. Qxg5 Ng6 16. Qxd8+ Kxd8 17. Bd3 Ne7 18. Nxd4 Nc6 19. Bh4+ Kc7 20. Nb5+ Kb6 21. f4 Nb4 22. Bd8+ Kc5 23. Nb3+ 1-0

[Event "Agneaux St Lo op 17th"]
[Site "Agneaux"]
[Date "2016.07.08"]
[Round "2.1"]
[White "Grishchenko, Sergey"]
[Black "Midy, Robin"]
[Result "1-0"]
[WhiteElo "2441"]
[BlackElo "2006"]
[PlyCount "53"]
[EventDate "2016.07.07"]
[EventType "swiss"]
[EventRounds "9"]
[EventCountry "FRA"]
[SourceTitle "EXT 2020"]
[Source "ChessBase"]
[SourceDate "2019.10.17"]
[SourceVersion "1"]
[SourceVersionDate "2019.10.17"]
[SourceQuality "1"]

1. d4 Nf6 2. c4 e6 3. Nc3 Bb4 4. e3 b6 5. Nge2 c5 6. a3 Ba5 7. Rb1 Na6 8. g3 Bb7 9. d5 b5 10. Bg2 bxc4 11. e4 exd5 12. exd5 0-0 13. 0-0 d6 14. Qa4 Re8 15. Bg5 Bb6 16. Ne4 Nc7 17. N2c3 Rf8 18. Nxf6+ gxf6 19. Bh6 Re8 20. Qxc4 f5 21. Qf4 Re5 22. Rbe1 Qf6 23. Ne4 Qg6 24. Nxd6 Rxe1 25. Rxe1 Bxd5 26. Nxf5 Kh8 27. Bg7+ 1-0

[Event "Angers op 11th"]
[Site "Angers"]
[Date "2016.05.08"]
[Round "5"]
[White "Duboue, Peio"]
[Black "Midy, Robin"]
[Result "1-0"]
[WhiteElo "2406"]
[BlackElo "2041"]
[PlyCount "123"]
[EventDate "2016.05.06"]
[EventType "swiss"]
[EventRounds "6"]
[EventCountry "FRA"]
[SourceTitle "CBM 172 Extra"]
[Source "ChessBase"]
[SourceDate "2016.06.21"]
[SourceVersion "1"]
[SourceVersionDate "2016.06.21"]
[SourceQuality "1"]

1. e4 c5 2. Nf3 g6 3. Be2 Bg7 4. 0-0 Nc6 5. d3 e6 6. c3 Nge7 7. Be3 d6 8. Qc1 0-0 9. Bh6 Rb8 10. Bxg7 Kxg7 11. Rd1 b5 12. d4 cxd4 13. cxd4 d5 14. e5 Bd7 15. Qf4 f6 16. exf6+ Rxf6 17. Qd2 Nf5 18. Na3 Nd6 19. Rac1 b4 20. Nb1 Ne4 21. Qe3 Ne7 22. Bd3 Nf5 23. Qe2 Nfd6 24. Nbd2 Bb5 25. Bxb5 Rxb5 26. Nxe4 dxe4 27. Ne5 Rd5 28. Rd2 h5 29. Rdc2 Nf7 30. Nc6 Qd6 31. Nxa7 h4 32. h3 Ng5 33. Rc7+ Kh6 34. Qe3 Rxd4 35. Nc8 Rd1+ 36. Rxd1 Qxd1+ 37. Kh2 Qd8 38. Rc2 Rf5 39. Qd2 Qxd2 40. Rxd2 e3 41. fxe3 e5 42. Nd6 Rf1 43. a4 bxa3 44. bxa3 Ra1 45. Rd5 Rxa3 46. Nc4 Ra1 47. Nxe5 Re1 48. Rd6 Ne4 49. Rxg6+ Kh5 50. Nf3 Kxg6 51. Nxe1 Nd6 52. Kg1 Ne4 53. Kf1 Nf6 54. Ke2 Ne4 55. Kf3 Nf6 56. Kf4 Kh5 57. e4 Kg6 58. Nf3 Nh5+ 59. Ke5 Ng3 60. Nxh4+ Kh5 61. Nf5 Ne2 62. Kf6 1-0

[Event "FRA-chT U16"]
[Site "Dieppe"]
[Date "2015.??.??"]
[Round "?"]
[White "Caille, Hugo"]
[Black "Midy, Robin"]
[Result "1-0"]
[WhiteElo "2017"]
[BlackElo "2040"]
[PlyCount "85"]
[EventDate "2015.05.??"]
[EventType "team-tourn"]
[EventRounds "6"]
[EventCountry "FRA"]
[SourceTitle "EXT 2016"]
[Source "ChessBase"]
[SourceDate "2015.10.08"]
[SourceVersion "1"]
[SourceVersionDate "2015.10.08"]
[SourceQuality "1"]

1. e4 c5 2. Nf3 g6 3. c4 Nc6 4. d4 cxd4 5. Nxd4 Nf6 6. Nc3 d6 7. Be2 Nxd4 8. Qxd4 Bg7 9. f3 0-0 10. Qd3 Be6 11. Be3 Nd7 12. b3 Qa5 13. Rc1 f5 14. exf5 Ne5 15. Qd2 Bxf5 16. 0-0 Rfc8 17. Rfd1 Be6 18. Bg5 Nc6 19. Nd5 Qxd2 20. Rxd2 Kf7 21. f4 Bxd5 22. Rxd5 Bd4+ 23. Kh1 Bc5 24. Bg4 e6 25. Rd3 Nb4 26. Rh3 Rh8 27. a3 Nc6 28. b4 Bd4 29. Rd1 h5 30. Bf3 e5 31. Bd5+ Kg7 32. b5 Na5 33. fxe5 Bxe5 34. Bd2 Nxc4 35. Bxc4 Rac8 36. Bd3 Rc5 37. Rf3 Rhc8 38. g3 R8c7 39. Bf4 Rc3 40. Bxe5+ dxe5 41. Be4 R3c5 42. Rd6 Rc1+ 43. Kg2 1-0

[Event "FRA-chT U16"]
[Site "Dieppe"]
[Date "2015.??.??"]
[Round "?"]
[White "Midy, Robin"]
[Black "Ferrari, Louis"]
[Result "1/2-1/2"]
[WhiteElo "2040"]
[BlackElo "2071"]
[PlyCount "79"]
[EventDate "2015.05.??"]
[EventType "team-tourn"]
[EventRounds "6"]
[EventCountry "FRA"]
[SourceTitle "EXT 2016"]
[Source "ChessBase"]
[SourceDate "2015.10.08"]
[SourceVersion "1"]
[SourceVersionDate "2015.10.08"]
[SourceQuality "1"]

1. d4 d5 2. Nf3 Nf6 3. c4 c6 4. Nc3 dxc4 5. a4 Bf5 6. e3 e6 7. Bxc4 Bb4 8. 0-0 Nbd7 9. Qb3 Qb6 10. Bd2 0-0 11. Ne4 Bxd2 12. Nxf6+ Nxf6 13. Nxd2 Qxb3 14. Nxb3 Ne4 15. f3 Nd6 16. Be2 Rac8 17. Rac1 Rfe8 18. e4 Bg6 19. Rfd1 b6 20. Rc3 f5 21. e5 Nf7 22. f4 Nd8 23. Rdc1 Re7 24. Bf3 Rec7 25. d5 exd5 26. Bxd5+ Bf7 27. Bxf7+ Rxf7 28. Nd4 c5 29. b4 Nb7 30. bxc5 Rxc5 31. Ne6 Rxc3 32. Rxc3 Re7 33. Rc8+ Kf7 34. Ng5+ Kg6 35. Rc6+ Kh5 36. h3 Nc5 37. a5 Nd3 38. axb6 axb6 39. Rxb6 Nxe5 40. fxe5 1/2-1/2